Perspektivy a užití Business Intelligence

Business intelligence ako súčasť podnikovej informatiky, ktorá zásadným spôsobom ovplyvňuje jej kvalitu, výkonnosť a konkurencieschopnosť podniku na trhu Problémy a obmedzenia implementácie a použitia business intelligence. Vývoj na trhu business intelligence, jeho využitie v podnikovej praxi. Persp...

Descrizione completa

Salvato in:
Dettagli Bibliografici
Autore principale: Pour, Jan
Natura: Capitolo di libro
Lingua:ceco
Soggetti:
Tags: Aggiungi Tag
Nessun Tag, puoi essere il primo ad aggiungerne!!

MARC

LEADER 00000naa$a2200000$$$4500
001 0059830
005 20230929122139.0
041 0 |a cze 
044 |a SK 
245 1 0 |a Perspektivy a užití Business Intelligence  |c Jan Pour 
520 |a Business intelligence ako súčasť podnikovej informatiky, ktorá zásadným spôsobom ovplyvňuje jej kvalitu, výkonnosť a konkurencieschopnosť podniku na trhu Problémy a obmedzenia implementácie a použitia business intelligence. Vývoj na trhu business intelligence, jeho využitie v podnikovej praxi. Perspektívy a tendencie. Charakteristika master data management (MDM). Konvergencia technologií a nástrojov. Riešenie metadát. 
610 2 0 |a technológie informačné 
610 2 0 |a informatika 
610 2 0 |a podnik 
610 2 0 |a vývoj 
610 2 0 |a výkony podnikové 
100 1 |a Pour, Jan